000 00680nam a2200229Ia 4500
003 OSt
005 20220928112656.0
006 a|||||r|||| 00| 0
007 ta
008 220927b |||||||| |||| 00| 0 eng d
024 _a41856
037 _cTextual
040 _aSDCL
_cSDCL
_beng
041 _2eng
_aeng
082 _aXM8.2'N8, M3
100 _aJohri Lalit M
_9429175
245 0 _aBusiness strategies of multinational corporations in India
_b Case study of drug and pharmaceutical industry
260 _aNew Delhi
_bVision Books
_c1996
300 _av,172p
_ccm.
942 _hXM8.2'N8, M3
_cTEXL
_2CC
999 _c745662
_d745662